Back matter (notice n° 1575207)
[ vue normale ]
| 000 -LEADER | |
|---|---|
| fixed length control field | 01001cam a2200157 4500500 |
| 005 - DATE AND TIME OF LATEST TRANSACTION | |
| control field | 20251214032301.0 |
| 041 ## - LANGUAGE CODE | |
| Language code of text/sound track or separate title | fre |
| 042 ## - AUTHENTICATION CODE | |
| Authentication code | dc |
| 100 10 - MAIN ENTRY--PERSONAL NAME | |
| Personal name | Pregno, Gilbert |
| Relator term | author |
| 245 00 - TITLE STATEMENT | |
| Title | Back matter |
| 260 ## - PUBLICATION, DISTRIBUTION, ETC. | |
| Date of publication, distribution, etc. | 2025.<br/> |
| 500 ## - GENERAL NOTE | |
| General note | 32 |
| 520 ## - SUMMARY, ETC. | |
| Summary, etc. | According to the old saying, “The shoemaker’s children always go barefoot.” Can the same be said of systemic practitioners — specialists in relationships, life cycles, and change? At a time when the pioneers of systemic practice in Europe are faced with passing on their legacy and institutions, the CERAS (family therapy and systemic research center) in Grenoble, founded in 1980, has opted for a new set up and a change of team. A member of the new team, now based in the Nouvelle-Aquitaine region, reflects on this successful handover. |
| 786 0# - DATA SOURCE ENTRY | |
| Note | Thérapie Familiale | 46 | 3 | 2025-06-20 | p. 252-254 | 0250-4952 |
| 856 41 - ELECTRONIC LOCATION AND ACCESS | |
| Uniform Resource Identifier | <a href="https://shs.cairn.info/journal-therapie-familiale-2025-3-page-252?lang=en&redirect-ssocas=7080">https://shs.cairn.info/journal-therapie-familiale-2025-3-page-252?lang=en&redirect-ssocas=7080</a> |
Pas d'exemplaire disponible.




Réseaux sociaux